00693 a2200193 4500999001500000010001400015020002300029035001300052037001500065082001400080245009400094260003500188270006600223300002300289500001900312700002000331942003300351952011500384 c4616d4616 aENG-86472 a0143099620c395.00 aEN-70005 bDBAD / PUB a330.95405 aThe penguin-CNBC-TV 18 business year book 2006-07 /ccompiled and edited by Derek O'Brien aNew DelhibPenguin Booksc2006 a11, Community Centre, Panchsheel ParkbNew DelhicWest Bengal a616 p.c20cm (Pbk) aIncludes index aO'Brien , Derek adplcEN2ddch330.95405mPEN 001040718NFICaDBADbDBADeDBAD/PUBg395.00l0o330.95405 PENpEN-70005r2008-09-15 00:00:00t1v395.00yEN